Miscellaneous Missing Pictures Quiz Stats

Quiz Updated Apr 19, 2012

Also try: Logo Apocalypse!
Challenge
Share
Tweet
Score 0/25 Timer 03:00
2 Plays Today
Image Word % Correct
1Stop
98.4%
5Route
96.4%
4Joker
95.7%
7National
92.8%
9Dummies
86.3%
2Visa
84.8%
12Nissan
78.5%
18Gatorade
78.1%
16Baked
69.5%
15Survivor
59.4%
23Calm
59.1%
24Athletics
58.6%
8Hello
56.6%
Image Word % Correct
14Mind
52.9%
19Atlas
50.8%
13Bad
49.5%
22Sonics
46.8%
3Nevermind
36.1%
11Lost
34.1%
17It
33.9%
25Platoon
26.8%
20Condensed
23%
21Dracula
16.5%
6Knorr
14%
10Life
4.1%

You're not logged in!

Compare scores with friends on all Sporcle quizzes.
Sign Up with Email
OR
Log In

You Might Also Like...

Show Comments

Extras

Top Quizzes Today


Score Distribution

Your Account Isn't Verified!

In order to create a playlist on Sporcle, you need to verify the email address you used during registration. Go to your Sporcle Settings to finish the process.